000 01945cam a2200433 i 4500
001 in903105359
005 20260128153634.0
008 251118s2025 onc 000 1 eng d
020 _a9780778368670
_q(hardback)
035 _a(OCoLC)1548597415
040 _aTnLvILS
_beng
_cTnLvILS
_erda
_dTnLvILS
043 _an-us-wi
050 4 _aPS3563.I7358
_bB57 2025
082 0 4 _a813/.54
_223/eng/20251118
092 _afiction
_bMitchard, Jacquelyn
100 1 _aMitchard, Jacquelyn,
_eauthor.
_921335
245 1 4 _aThe birdwatcher :
_ba novel /
_cJacquelyn Mitchard.
246 3 _aBird watcher :
_ba novel
264 1 _aToronto, Ontario, Canada :
_bMira,
_c[2025]
300 _a340 pages ;
_c24 cm
336 _atext
337 _aunmediated
338 _avolume
520 _a"When she is convicted of a double murder, Felicity Wild, a brilliant grad student turned high-priced escort, declares, 'I may not be innocent, but I'm innocent of this.' Reenie Bigelow never doubted it. A jury may have given Felicity a life sentence, but Reenie knows that her childhood best friend is not capable of murder. And so Reenie, a journalist, decides to use her deep connections to Felicity's past to unravel the truth"--
650 0 _aWomen journalists
_vFiction.
_95677282
650 0 _aProstitutes
_vFiction.
_95690931
650 0 _aSex workers
_vFiction.
_96545598
650 0 _aFemale friendship
_vFiction.
_95674580
650 0 _aMalicious accusation
_vFiction.
_95686594
650 0 _aSecrecy
_vFiction.
_95674238
650 0 _aTrials (Murder)
_vFiction.
_95673813
650 0 _aMurder
_xInvestigation
_vFiction.
_95673630
650 0 _aHomecoming
_vFiction.
_95675531
651 0 _aWisconsin
_vFiction.
_95697805
655 7 _aPsychological fiction.
_2lcgft
_95673631
655 7 _aDetective and mystery fiction.
_2lcgft
_95683641
655 7 _aThrillers (Fiction)
_2lcgft
942 _2ddc
_cBOOK
999 _c415248
_d415248